[Event "Bundesliga 0102"]
[Site "Germany"]
[Date "2001.10.05"]
[Round "5.2"]
[White "Nielsen, Peter Heine"]
[Black "Rozentalis, Eduardas"]
[Result "1-0"]
[WhiteElo "2593"]
[BlackElo "2588"]
[Annotator "Ribli,Z"]
[PlyCount "77"]
[EventDate "2001.10.06"]
[EventType "team-tourn"]
[EventRounds "15"]
[EventCountry "GER"]
[SourceTitle "CBM 087"]
[Source "ChessBase"]
[SourceDate "2002.03.21"]
[SourceVersion "1"]
[SourceVersionDate "2002.03.21"]
[SourceQuality "1"]
[WhiteTeam "Wattenscheid"]
[BlackTeam "Castrop Rauxel"]
[WhiteTeamCountry "GER"]
[BlackTeamCountry "GER"]

1. c4 Nf6 2. Nc3 e6 3. Nf3 {Anstelle der Partiefortsetzung kann Weiß mit 3.e4
die sogenannte Mikenas-Variante wählen, in der Weiß gute Chancen auf
Eröffnungsvorteil hat.} Bb4 4. Qc2 O-O 5. a3 Bxc3 6. Qxc3 b6 7. e3 {Weiß
besitzt das Läuferpaar, seinen schwarzfeldrigen Läufer kann er anschließend
mit b2-b4 und Bb2 aktivieren. Andererseits ist die schwarze Stellung solide
und ohne Schwachpunkte.} Bb7 8. Be2 (8. b4 {Weiß muss zwar auf b2-b4 setzen,
hier aber käme dieser Zug etwas zu früh.} Ne4 $1 9. Qc2 a5 10. Bb2 axb4 11.
axb4 Rxa1+ 12. Bxa1 Qe7 13. b5 Ng5 $13) 8... d6 (8... c5 9. b4 d6 10. Bb2 e5
11. O-O Re8 12. Rae1 Nbd7 13. d4 Rc8 14. bxc5 bxc5 15. d5 Nf8 16. Nd2 Ng6 17.
Rb1 Rb8 18. Qc2 $14 {1-0 Gurevich,M-Rozentalis,E/Porz GER 2001 (41)}) (8... Ne4
9. Qc2 Ng5 (9... f5) 10. h4 Nxf3+ 11. gxf3 c5 12. b4 d5 13. bxc5 bxc5 14. cxd5
Qxd5 15. Bb2 Nd7 16. Rg1 f6 17. Bc4 Qd6 18. f4 Ba6 19. f5 {1/2-1/2 Izoria,
Z-Naiditsch,A/Oropesa del Mar ESP 2001/(19)}) 9. O-O (9. b4 Ne4 10. Qc2 Ng5 11.
Bb2 Nd7 12. Qd1 e5 13. d4 Qf6 14. dxe5 Nxe5 15. Nxe5 dxe5 16. f3 Rad8 17. Qc1
Rfe8 18. O-O Qg6 19. Kh1 h5 20. Rd1 h4 {0-1 Polugaevsky,L-Larsen,B/Buesum 1969/
EXT 98 (44)}) 9... Ne4 {Dieser Zug ist typisch für Stellungen dieser Art.
Allerdings kann Weiß in der Folge mit d2-d3 den Ne4 verjagen. Das Motiv d2-d3
ist sehr wichtig in dieser Variante - in vielen ähnlichen Stellungen, wie z.B.
in der Nimzoindischen (1.d4 Nf6 2.c4 e6 3.Nc3) oder Bogoindischen Verteidigung
(1.d4 Nf6 2.c4 e6 3.Nf3 Bb4+) hat Weiß diesen Zug nicht mehr zur Verfügung, da
schon d2-d4 geschehen ist.} (9... Nbd7 10. b4 a5 (10... Ne4 $5 11. Qc2 f5 12.
Bb2 Qe7 13. Ne1 e5) 11. Bb2 Qe7 (11... axb4 12. axb4 Qe7 13. Nd4 (13. d4 $5)
13... e5 14. Nb5 c6 15. Na7 d5 16. b5 d4 17. Qb3 c5 18. Nc6 Qd6 19. f4 Rxa1 20.
Bxa1 Re8 {1/2-1/2 Beliavsky,A-Zontakh,A/Herceg Novi YUG 2001/ (41)}) (11... e5)
12. d4 axb4 13. axb4 Rfc8 14. Rxa8 Rxa8 15. d5 Nf8 16. Rd1 Bc8 17. Nd4 {
1-0 Kramnik,V-Anand,V/Dortmund 2000/CBM 78 (65)}) (9... a5 10. b3 Nbd7 11. Bb2
Qe7 12. d3 Nc5 13. Nd2 e5 14. Bf3 Bxf3 15. Nxf3 Rfe8 16. d4 exd4 17. Nxd4 Qe5
18. Qc2 Qe4 {1/2-1/2 Cvetkovic,S-Rozentalis,E/Schellenberg 1991/TD (31)}) 10.
Qc2 Ng5 (10... f5) (10... Nd7) 11. Nxg5 (11. Ne1) 11... Qxg5 12. f3 {Dieser
Zug beraubt den Bb7 etwas seiner Aktivität. Weiß kann seinen schwarzfeldirgen
Läufer in der Folge durch b2-b4 nebst Bb2, oder d2-d4 ins Spiel bringen.} e5
13. d4 exd4 (13... Nd7 14. e4 $14 (14. d5 $14)) 14. exd4 Qf6 15. Be3 $14 {
[%csl Ge2,Ge3] Weiß hat das Läuferpaar und Übergewicht im Zentrum - er hat
dauerhafte Initiative.} Re8 16. Qd2 (16. Bf2 $14) 16... d5 {Sonst zieht Weiß
17.d5 - mit spürbarem Positionsvorteil.} (16... Qe6 17. Bf2 $14 Qxe2 $4 18.
Rfe1 $18) 17. Bg5 Qe6 (17... Qc6 $5) 18. Rfe1 Nc6 19. c5 Qg6 (19... bxc5 20.
dxc5 {[%cal Gb2b4]} Ne5 $6 21. f4 $16) 20. Bd3 f5 (20... Qh5 $2 21. g4 $1 Nxd4
(21... Qh3 22. Qf2 {[%csl Rh3][%cal Rd3f1,Rf1h3]} Nxd4 23. Qxd4 $18) 22. gxh5
Nxf3+ 23. Kf2 Nxd2 24. Bxd2 bxc5 25. b3 $16 {[%cal Ra1c1,Rc1c7]}) 21. Bb5 a6 (
21... Rxe1+ 22. Rxe1 Nxd4 $2 23. Qxd4 Qxg5 24. c6 $18) 22. Ba4 b5 23. Bb3 {
[%cal Gb3g8]} Nxd4 24. Qxd4 Qxg5 25. Re5 $1 {Dieser Zug ist noch stärker als
die Rückeroberung des Pd5.} (25. Bxd5+ Bxd5 26. Qxd5+ Kf8 $14) 25... c6 (25...
Rxe5 26. Qxe5 Rd8 27. Re1 $44 (27. c6 $2 Bxc6 28. Qe6+ Kh8 29. Qxc6 Qe3+ $15 {
[%cal Re3b3,Re3g1]})) 26. Rae1 $44 {[%cal Ge1e8][%mdl 2048]} Rxe5 27. Qxe5 {
Weiß beherrscht die e-Linie.} Rf8 28. Qe6+ Rf7 (28... Kh8 29. Qf7 $1 {[%cal
Rf7b7,Rf7f8]}) 29. Qe8+ Rf8 30. Qe6+ Rf7 31. Qd6 {[%cal Re1e8,Re8g8]} h6 (31...
g6) 32. Re8+ Kh7 33. f4 Qg4 (33... Qg6 34. Rh8+ $18) (33... Qf6) 34. h3 Qg3 $2
{[%mdl 8192] Ein Fehler in passiver Stellung. Nach der Partiefortsetzung
gewinnt Weiß leicht.} (34... Qh4 35. Bc2 $36) 35. Qe6 $18 {Und schon befindet
sich Schwarz auf verlorenem Posten.} Rf6 (35... Qxb3 36. Qxf7 $18) 36. Qg8+ Kg6
37. Re7 {[%cal Re7g7,Rg8g3,Re7b7]} Kh5 38. Bd1+ Kh4 39. Rxg7 {[%csl Rh4]} 1-0

[Event "URS-ch58"]
[Site "Moscow"]
[Date "1991.??.??"]
[Round "6"]
[White "Panchenko, Alexandar G"]
[Black "Lerner, Konstantin Z"]
[Result "1/2-1/2"]
[WhiteElo "2490"]
[BlackElo "2540"]
[Annotator "Ribli,Z"]
[PlyCount "113"]
[EventDate "1991.11.??"]
[EventType "swiss"]
[EventRounds "11"]
[EventCountry "URS"]
[SourceTitle "URS-ch"]
[Source "ChessBase"]
[SourceDate "1999.07.01"]
[SourceVersion "1"]
[SourceVersionDate "1999.07.01"]
[SourceQuality "1"]

1. Nf3 Nf6 2. c4 e6 3. Nc3 Bb4 4. Qc2 c5 5. a3 Ba5 6. g3 Nc6 7. Bg2 O-O 8. O-O
d6 9. e3 (9. d3 h6 $5 10. Rb1 e5 11. e3 Be6 12. Na2 Qd7 13. b4 Bd8 14. Nc3 Rc8
15. bxc5 dxc5 16. e4 Bg4 17. Nd5 Bxf3 18. Bxf3 Nxd5 19. exd5 Nd4 20. Qd1 Ba5
$10 {Kamsky,G-Karpov,An Reggio Top 16 1991 CBM/22 51/16}) 9... e5 10. Nh4 Bxc3
11. Qxc3 a5 12. b3 Be6 13. f4 (13. Bb2 $5 d5 $2 (13... Qd7 14. f4 Bh3 $13) 14.
cxd5 Bxd5 15. Qxc5 Bxg2 16. Kxg2 $1 (16. Nxg2 Qxd2 $10 17. Bxe5 $2 Nd7 18. Qc3
Ndxe5 19. Qxd2 Nf3+ $19) 16... Qxd2 17. Bxe5 Ne4 (17... Nd7 18. Qd6 $16) 18.
Qc4 $16) 13... exf4 14. Rxf4 d5 15. Bb2 d4 16. exd4 Nxd4 17. Qd3 Nh5 18. Re4
Nf6 19. Rf4 Nh5 20. Re4 Nf6 21. Re5 Nc6 22. Qxd8 Rfxd8 23. Bxc6 bxc6 24. Nf3
Rab8 (24... Bg4 $2 25. Rg5 Bxf3 26. Bxf6 $16) 25. Rg5 Kf8 26. Rxc5 Rxb3 27. Bc3
Ne4 $10 28. Rxc6 Nxc3 29. dxc3 Rxc3 30. Ng5 Bxc4 31. Nxh7+ Kg8 32. Ng5 Rc2 33.
Re1 g6 34. Ne4 a4 35. Nd6 Rg2+ 36. Kxg2 Bd5+ 37. Kf2 Bxc6 38. Nc4 Bb5 39. Ne5
Rd2+ 40. Kg1 Rb2 41. Re3 Kg7 42. h4 f6 43. Nf3 Kf7 44. Nd4 Bd7 45. Kf1 Rd2 46.
Nf3 Rc2 47. Ke1 Rc4 48. Kd2 Bc6 49. Ne1 Be4 50. Nd3 Bf5 51. Ne1 Bb1 52. Nd3
Rc2+ 53. Kd1 Rc7 54. Kd2 Rc4 55. Re1 Rc2+ 56. Ke3 Ba2 57. Re2 1/2-1/2

[Event "Reggio Emilia 9697 39th"]
[Site "Reggio Emilia"]
[Date "1997.01.03"]
[Round "8"]
[White "Komarov, Dimitri"]
[Black "Razuvaev, Yuri S"]
[Result "1-0"]
[WhiteElo "2595"]
[BlackElo "2560"]
[Annotator "Ribli,Z"]
[PlyCount "59"]
[EventDate "1996.12.26"]
[EventType "tourn"]
[EventRounds "9"]
[EventCountry "ITA"]
[EventCategory "11"]
[SourceTitle "CBM 057"]
[Source "ChessBase"]
[SourceDate "1997.04.01"]
[SourceVersion "1"]
[SourceVersionDate "1997.04.01"]
[SourceQuality "1"]

1. Nf3 {Petursson} Nf6 2. c4 e6 3. Nc3 Bb4 4. Qc2 O-O 5. a3 Bxc3 6. Qxc3 d5 $6
{Es erscheint mir nicht logisch, daß Schwarz zuerst sein Läuferpaar aufgab und
dann jetzt die Stellung öffnet. Ich glaube, 6...b6 und 7...Bb7 ist logischer
und später haben wir die Alternativen d7-d6 oder d7-d5. Ribli.} 7. b4 dxc4 8.
Qxc4 b6 9. Bb2 $14 {Weiss hat die etwas bessere Stellung, weil er das
Laeuferpaar hat und später mit seinen d-und e-Bauern ein starkes Zentrum
aufbauen kann. Anderseits hat Schwarz keine Schwächen und er kann seine
Entwicklung schneller beenden. Ribli.} c6 $6 {Too passive!} (9... Bb7 {Und
später 10...Nbd7 scheint mir natürlicher, möglicherweise mit c7-c5 verbunden.
Ribli.}) 10. g4 $1 {Ein origineller Versuch.Weiß gibt die "normalen"
positionellen Pläne auf und strebt mit g4-g5, h2-h4 und seinem Bb2 nach einem
direkten Angriff am Königsflügel. Ribli.} a5 (10... Qd5 11. Qc3) 11. g5 Nd5 12.
Rg1 axb4 13. Qd4 f6 14. gxf6 Qxf6 $2 (14... Rxf6 $5 15. e4 (15. Qh4 bxa3 16.
Bxf6 Qxf6 17. Qxf6 Nxf6 18. Nd4 c5 $2 (18... e5) 19. Nb5 a2 20. Nc3 $16) (15.
Qg4 $2 Rg6) (15. axb4 Rxa1+ 16. Bxa1 $14) (15. axb4 $14 {Petursson}) 15... c5
16. Qd3 Ba6) {[#]} 15. Rxg7+ {Ich kann nicht verstehen, daß ein guter
Großmeister wie Razuvaev, einen solchen Zug übersehen kann. Schachblindheit !
Ribli.} Kxg7 (15... Kh8 16. Rg6 Qxd4 (16... hxg6 17. Qh4+ $18) 17. Bxd4+ $18)
16. Qg4+ Kh8 17. Bxf6+ Rxf6 (17... Nxf6 18. Qxb4 $18) 18. Ng5 {White is
winning. He has gained material and is still attacking} Nd7 (18... bxa3 19. Qh5
$18) (18... Rxa3 {Petursson} 19. Rxa3 bxa3 20. Qa4 Rf5 21. Ne4) 19. Nxe6 {
Schwarze Stellung ist total verloren, aber es ist peinlich unter 20 Zügen zu
verlieren, und -ich glaube- ohne besondere Hoffnungen spielt er noch ein paar
Züge. Ribli.} Rg6 20. Qd4+ N7f6 21. Nf4 Nxf4 22. Qxf4 bxa3 (22... Rxa3 23. Rxa3
bxa3 24. Qa4 $18) 23. Qf3 Bg4 24. Qxc6 Rc8 25. Qa4 Re8 26. Rxa3 Bxe2 27. Re3 (
27. Bxe2 $4 Rg1#) 27... Rxe3 28. fxe3 Bxf1 29. Kxf1 h6 30. Qd4 {Und die weiße
materielle Überlegenheit gewinnt die Partie ohne Probleme.Ribli.} 1-0

[Event "Groningen op"]
[Site "Groningen"]
[Date "1990.??.??"]
[Round "3"]
[White "Rotstein, Arkadij"]
[Black "Levitt, Jonathan"]
[Result "0-1"]
[WhiteElo "2365"]
[BlackElo "2455"]
[Annotator "Ribli,Z"]
[PlyCount "82"]
[EventDate "1990.??.??"]
[EventType "swiss"]
[EventRounds "9"]
[EventCountry "NED"]
[SourceTitle "CBM 022"]
[Source "ChessBase"]
[SourceDate "1991.06.01"]
[SourceVersion "1"]
[SourceVersionDate "1991.06.01"]
[SourceQuality "1"]

1. c4 Nf6 2. Nf3 e6 3. Nc3 b6 4. e4 Bb7 5. Bd3 d6 (5... c5 6. e5 Ng4 7. O-O Nc6
8. Be4 f5 9. exf6 Nxf6 10. Bxc6 Bxc6 11. d4 $13 {Georgiev,Ki-Anand,V Manila
izt 1990 CBM/19 49/(16)}) (5... d5 6. cxd5 exd5 7. e5 Ne4 8. O-O Nc5 9. Bf5 d4
10. b4 dxc3 11. bxc5 g6 12. Bc2 cxd2 13. Bxd2 Bxc5 14. Bb3 $146 {Lerner-Duric,
S New York op 1990 50/(12)}) 6. Bc2 c5 7. d4 cxd4 8. Nxd4 a6 9. O-O Qc7 (9...
Nbd7 10. Qe2 Rc8 11. a4 Qc7 12. b3 Be7 13. Ba3 {Uhlmann-Lau DDR-BRD 1988 46/17}
) 10. f4 Nbd7 11. g4 g6 12. g5 Nh5 13. Be3 e5 14. Nde2 Be7 15. f5 O-O 16. f6
Bd8 17. Ng3 Nf4 $5 18. Qg4 (18. Bxf4 $2 exf4 19. Rxf4 Qc5+ 20. Kh1 Qxg5 21.
Qxd6 Nxf6) 18... h5 19. Qh4 Kh7 20. Nd5 (20. Bxf4 $5 exf4 21. Nxh5 Rh8 22.
Nxf4+ Kg8 23. Qg3) 20... Bxd5 21. exd5 Rh8 22. Bxf4 exf4 23. Qxf4 Ne5 24. Rac1
b5 25. cxb5 Qb6+ 26. Kh1 Qxb5 27. b3 Bb6 28. a4 Qd7 29. Nf5 Rhe8 30. Qh4 Kh8
31. Ng7 Rec8 32. Bf5 $2 (32. Nxh5 Kg8) 32... Rxc1 $1 33. Rxc1 gxf5 34. Qxh5+
Kg8 35. Rf1 f4 $1 36. Rxf4 Qb7 37. Qd1 Rc8 38. h4 Be3 39. Nf5 Rc1 40. Qxc1 Bxc1
41. Ne7+ Kf8 0-1

[Event "Ubeda"]
[Site "Ubeda"]
[Date "1997.02.15"]
[Round "6"]
[White "Illescas Cordoba, Miguel"]
[Black "Almasi, Zoltan"]
[Result "1/2-1/2"]
[WhiteElo "2635"]
[BlackElo "2595"]
[Annotator "Ribli,Z"]
[PlyCount "70"]
[EventDate "1997.02.07"]
[EventType "tourn"]
[EventRounds "11"]
[EventCountry "ESP"]
[EventCategory "16"]
[SourceTitle "CBM 058"]
[Source "ChessBase"]
[SourceDate "1997.06.01"]
[SourceVersion "1"]
[SourceVersionDate "1997.06.01"]
[SourceQuality "1"]

1. Nf3 Nf6 2. c4 e6 3. Nc3 Bb4 4. g3 O-O 5. Bg2 d5 6. Qb3 (6. O-O) (6. a3) 6...
c5 7. O-O (7. a3 Bxc3 8. Qxc3 b6 9. b4 Nbd7) 7... Nc6 8. d3 h6 (8... Bxc3 $6 9.
Qxc3 d4 10. Qa3 Qb6 11. Bf4 $14) 9. Na4 (9. e3 Re8 $1 10. a3 dxc4 11. dxc4 Bxc3
12. Qxc3 e5 13. b4 e4 $13 {4. Wettkampfpartie Kasparov-Anand, New York 1995.
Ribli.}) 9... b6 10. a3 Ba5 11. Bf4 Bd7 12. Nc3 Bxc3 {Praktisch erzwungen,
denn es droht 13.Nb5, wonach der Laeufer auf a5 keine Zukunft hat.Ribli.} 13.
Qxc3 (13. bxc3 {ist etwas unnatürlich.Ribli.} d4 (13... Qe7) 14. Qc2 Re8 15.
Ne5 $5 $14) 13... Re8 $1 $11 {Mit diesem kleinen Turmzug bereitet Schwarz
e6-e5 vor oder d4 und dann e6-e5 und hält die Spannung.Ribli.} (13... d4 14.
Qc2 Ne8 15. b4 $1 f6 16. Bd2 Nd6 17. e3 $14 {Khalifman,A-Aseev,K/St.
Peterburg-ch/1996/}) 14. d4 {Mit den beiden B waere es logisch fuer Weiss die
Stellung zu oeffnen, aber Schwarz ist gut entwickelt und wegen taktischer
Motive hat er gleiche Chancen.Ribli.} Ne4 $1 (14... dxc4 15. dxc5 $14 (15. Qxc4
$14)) 15. Qd3 cxd4 16. cxd5 (16. Nxd4 Nc5 17. Nxc6 (17. Qd1 $2 Nxd4 18. Qxd4
Nb3 $17) 17... Nxd3 18. Nxd8 Nxf4 19. gxf4 Raxd8 {und nach 20.cxd5 exd5 haben
wir die Partiestellung.Ribli.}) 16... exd5 17. Nxd4 Nc5 18. Nxc6 $8 Nxd3 (18...
Bxc6 19. Qc2 $14) 19. Nxd8 Nxf4 20. gxf4 Raxd8 21. Rfd1 (21. Bxd5 $2 Rxe2 $15)
(21. e3 Bg4 {Gegen das drohende Rfd1.Ribli.} 22. h3 Bh5 23. Rac1 d4 24. e4 d3
25. f3 f5 26. e5 Rd4 $17) 21... Bg4 (21... Rxe2 $2 22. Rxd5 $18 {[%cal Rd5d7,
Ya1d1] Und die Fesselung in der d-Linie ist mehr als gefaehrlich fuer Schwarz.
Ribli.}) 22. f3 Be6 23. Rac1 Rc8 24. Kf2 Kf8 25. e3 Ke7 {Nach Turmtausch fällt
der isolierte d5-Bauer nicht ins Gewicht.Ribli.} 26. h4 f6 27. Bf1 Rxc1 28.
Rxc1 Rc8 29. Rxc8 Bxc8 {Weiss hat nur microscopischen Vorteil.Ribli.} 30. Ke1
Kd6 31. Kd2 g5 32. fxg5 fxg5 33. hxg5 hxg5 34. Kc3 g4 (34... Ke5 35. Bg2 Bb7 $5
36. f4+ gxf4 37. exf4+ Kxf4 38. Kd4) 35. fxg4 Bxg4 {Und in dieser
Totremis-Stellung wurde remis gegeben.Ribli.} 1/2-1/2

[Event "EU-ch 6th"]
[Site "Warsaw"]
[Date "2005.06.18"]
[Round "1"]
[White "Krasenkow, Michal"]
[Black "Mchedlishvili, Mikheil"]
[Result "1-0"]
[WhiteElo "2672"]
[BlackElo "2518"]
[Annotator "Ribli,Z"]
[PlyCount "77"]
[EventDate "2005.06.18"]
[EventType "swiss"]
[EventRounds "13"]
[EventCountry "POL"]
[SourceTitle "CBM 108"]
[Source "ChessBase"]
[SourceDate "2005.09.26"]
[SourceVersion "1"]
[SourceVersionDate "2005.09.26"]
[SourceQuality "1"]

1. Nf3 Nf6 2. c4 e6 3. Nc3 Bb4 4. g4 $5 {Krasenkow spielt seine
Lieblingsvariante.} d6 (4... O-O 5. g5 Ne8 6. Qc2 d5 7. b3 Be7 8. Rg1 c5 9. e3
Nc6 10. Bd3 f5 11. gxf6 Nxf6 12. a3 Qe8 13. Bb2 Qh5 14. Be2 d4 15. Nxd4 $1 Nxd4
16. exd4 Qxh2 17. O-O-O cxd4 18. Ne4 $44 {1-0 Krasenkow,M-Romanishin,O/Lvov
2000/CBM 77/[Ribli] (36)}) (4... Bxc3 $6 5. dxc3 d6 6. g5 Nfd7 7. Bg2 e5 8. Be3
Qe7 9. Nd2 f5 10. gxf6 Nxf6 11. Ne4 Nxe4 12. Bxe4 Nd7 {1-0 Krasenkow,M-Lobron,
E/Subic Bay 1998/(36)}) (4... b6 5. g5 Bxc3 6. dxc3 Ne4 7. Qd4 Bb7 8. Qxg7 Ke7
9. Bg2 {1-0 Krasenkow,M-Hoang Thanh Trang/Budapest 2004/EXT 2005 (49)}) (4...
h6) 5. g5 Nfd7 6. Qc2 Nc6 7. a3 Bxc3 8. Qxc3 e5 9. b4 b6 {Das ist die schwarze
vorbereitete Verbesserung. In einer früheren Partie spielte er 9...0-0 - jetzt
möchte Schwarz seine Königsstellung nicht so schnell festlegen.} (9... Qe7 10.
Bb2 Nb6 $5 11. b5 Nd8 12. a4 Bg4 13. Bg2 Rc8 $6 (13... a5 $5) 14. d4 $5 $14 {
0-1 Krasenkow,M-Bogdanovski,V/Elista 1998/CBM 66 ext/[Ribli] (28)}) (9... O-O
10. Bb2 f6 11. h4 Qe7 12. Bg2 Nb6 13. b5 Nd8 14. a4 Ne6 {0-1 Bratanov,
Z-Mchedlishvili,M/Izmir 2002/ (26)}) 10. d4 (10. b5 Ne7) 10... Bb7 (10... exd4
11. Nxd4 $14) 11. Rg1 Qe7 12. d5 Nd8 13. Nh4 $36 {[%cal Gh4f5,Gf2f4][%mdl 32]
Weiß hat großen Raumvorteil und Initiative am Königsflügel. Es droht 14.Nf5
und der Springerzug befreit den weißen f-Bauern.} g6 14. f4 f5 (14... c6 15.
dxc6 Bxc6 16. f5 $36) 15. e4 Nf7 $6 (15... fxe4 $142 16. f5 c6 $132) 16. exf5
exf4+ 17. Kd1 {[%csl Gd1] Überraschend steht der weiße König vollkommen sicher
auf d1.} gxf5 18. Ra2 {[%cal Ga2e2,Ge2e8] Weiß bringt seinen Turm auf der
zweiten Reihe ins Spiel.} (18. Nxf5 Qe5 19. Ng7+ Ke7 20. Bb2 Qxc3 21. Bxc3 $16)
18... Nfe5 19. Bxf4 Qf7 (19... O-O 20. Qh3 $16) 20. Nf3 O-O-O 21. Nd4 {[%csl
Yc6,Gd4,Ye6][%cal Yd4c6,Yd4e6] Weiß verfügt über positionellen Druck am
Damenflügel; der Nd4 steht ausgezeichnet und kontrolliert die Felder c6 und e6.
Die schwarze Stellung ist hingegen sehr passiv.} c6 {Mit diesem Zug versucht
Schwarz  Gegenspiel zu erlangen, aber der große Nachteil des Partiezuges ist
die Schwächung der schwarzen Königsstellung.} 22. dxc6 (22. Rd2 $14) 22... Nxc6
23. Nxc6 Bxc6 24. Rd2 {[%csl Rd6][%cal Rd2d6]} Rhe8 (24... Ne5 25. c5 $16) 25.
Rxd6 $16 Re6 26. c5 $1 {[%csl Rc8,Gf1,Gf4][%mdl 128]} bxc5 27. bxc5 Nxc5 {
Schwarz fischt ohne konkreten Plan im Trüben. Dieser Zug verliert, aber guter
Rat ist teuer für Schwarz.} 28. Ba6+ $1 {Mit diesem temporären Figurenopfer
gewinnt Weiß die Partie.} (28. Qxc5 Rdxd6+ 29. Bxd6 Qd7 $132) 28... Nxa6 29.
Qxc6+ $18 Nc7 30. Rxd8+ Kxd8 31. Bxc7+ Ke7 (31... Qxc7 32. Qxe6 $18) 32. Qb7 (
32. Qa8 $18) 32... Kf8 33. Qb8+ {Weiß hat eine Figur mehr und steht auf Gewinn.
} (33. Kc2 $18) 33... Re8 (33... Kg7 34. Be5+ Kg6 35. Bd4 $18) 34. Qb4+ Kg8 35.
Bf4 a5 (35... Re4 36. Qb8+ Re8 37. Qb5 $18) 36. Qc3 Qa2 37. Re1 (37. g6 $18)
37... Qb1+ 38. Bc1 Rd8+ 39. Ke2 1-0